000
00238nam a2200097Ia 4500
001
853403
005
20250826174532.0
008
250824s9999 xx 000 0 und d
245
0
_a
AŞKLA KAL
_c
KAHRAMAN TAZEOĞLU
260
_b
DESTEK YAYINLARI
999
_c
853403
_d
853403